| 000 | 00529nam a2200205Ia 4500 | ||
|---|---|---|---|
| 003 | GCL | ||
| 008 | 140319s9999 xx 000 0 ara d | ||
| 040 |
_aGCL / _cGCL |
||
| 082 | 0 | 4 |
_a881 _bك ق |
| 100 | 1 | _aكفافيس, قسطنطين | |
| 245 | 1 | 0 |
_aقصائد / _cكفافيس, قسطنطين |
| 700 | 1 | _aحمدى ابراهيم | |
| 300 | _a63 ص | ||
| 490 | _a | ||
| 650 | 0 | 4 | _aالادب اليونانى |
| 650 | 0 | 4 | _aالشعر اليونانى |
| 650 | 0 | 4 | _aالادب |
| 650 | 0 | 4 | _aالشعر |
| 942 |
_2ddc _cBK |
||
| 999 |
_c40388 _d40388 |
||